002700000a220007300045001000023000002450109000233000050001327730014001821 aAlgañaraz, Julio10aLa Iglesia también cae en el sexto : Los escándalos sexuales en la vida eclesiástica internacional aVol. 6, Num. 6 (Julio, 1993), Páginas 28-300 tCambio 16